[Event "Russian Higher League 2021"]
[Site "?"]
[Date "2021.07.03"]
[Round "7.21"]
[White "Truskavetsky, Alexandr"]
[Black "Tsvetkov, Andrey"]
[Result "0-1"]
[WhiteElo "2386"]
[BlackElo "2412"]
[Annotator ""]
[Source ""]
[Remark ""]

1.Nf3 {[%clk 1:30:48]} d5 {[%clk 1:30:55]} 2.d4 {[%clk 1:30:59]}
Nf6 {[%clk 1:31:19]} 3.g3 {[%clk 1:31:23]} Bf5 {[%clk 1:31:45]}
4.Bg2 {[%clk 1:31:42]} e6 {[%clk 1:31:45]} 5.c4 {[%clk 1:31:57]}
c6 {[%clk 1:31:27]} 6.Nc3 {[%clk 1:32:17]} h6 {[%clk 1:31:31]}
7.Qb3 {[%clk 1:29:51]} Qb6 {[%clk 1:31:51]} 8.c5 {[%clk 1:29:54]}
Qxb3 {[%clk 1:32:10]} 9.axb3 {[%clk 1:30:15]} Be7 {[%clk 1:32:36]}
10.h4 {[%clk 1:25:08]} O-O {[%clk 1:32:11]} 11.b4 {[%clk 1:12:41]}
a6 {[%clk 1:32:29]} 12.Bf4 {[%clk 1:06:48]} Nbd7 {[%clk 1:32:10]}
13.h5 {[%clk 1:06:05]} Rfe8 {[%clk 1:18:00]} 14.Ne5 {[%clk 0:30:59]}
Nxe5 {[%clk 1:17:54]} 15.dxe5 {[%clk 0:31:18]} Nd7 {[%clk 1:18:08]}
16.e4 {[%clk 0:31:19]} Bh7 {[%clk 1:18:09]} 17.O-O {[%clk 0:24:49]}
a5 {[%clk 1:00:05]} 18.exd5 {[%clk 0:22:44]} cxd5 {[%clk 0:59:33]}
19.Nxd5 {[%clk 0:21:46]} exd5 {[%clk 0:49:26]} 20.Bxd5 {[%clk 0:22:13]}
Rad8 {[%clk 0:36:44]} 21.e6 {[%clk 0:18:36]} fxe6 {[%clk 0:36:43]}
22.Bxe6+ {[%clk 0:18:46]} Kf8 {[%clk 0:36:53]} 23.Bc7 {[%clk 0:18:54]}
axb4 {[%clk 0:36:34]} 24.Bxd8 {[%clk 0:16:45]} Rxd8 {[%clk 0:37:03]}
25.Rfd1 {[%clk 0:14:49]} Nxc5 {[%clk 0:37:20]} 26.Rxd8+ {[%clk 0:15:15]}
Bxd8 {[%clk 0:37:46]} 27.Bd5 {[%clk 0:15:31]} Bd3 {[%clk 0:33:08]}
28.Ra8 {[%clk 0:15:31]} Ke7 {[%clk 0:33:23]} 29.g4 {[%clk 0:15:11]}
Kd7 {[%clk 0:32:58]} 30.b3 {[%clk 0:13:25]} Ba6 {[%clk 0:32:49]}
31.Kg2 {[%clk 0:13:36]} Kc7 {[%clk 0:33:00]} 0-1

[Event "Russian Higher League 2021"]
[Site "?"]
[Date "2021.07.03"]
[Round "7.22"]
[White "Belyakov, Bogdan"]
[Black "Chyndygyr, Tamerlan"]
[Result "1-0"]
[WhiteElo "2465"]
[BlackElo "2121"]
[Annotator ""]
[Source ""]
[Remark ""]

1.e4 {[%clk 1:30:59]} c5 {[%clk 1:30:55]} 2.c3 {[%clk 1:31:25]}
Nf6 {[%clk 1:31:14]} 3.e5 {[%clk 1:31:52]} Nd5 {[%clk 1:31:37]}
4.d4 {[%clk 1:32:18]} cxd4 {[%clk 1:31:37]} 5.Nf3 {[%clk 1:32:45]}
Nc6 {[%clk 1:31:56]} 6.cxd4 {[%clk 1:33:10]} d6 {[%clk 1:32:10]}
7.Bc4 {[%clk 1:33:34]} dxe5 {[%clk 1:32:36]} 8.dxe5 {[%clk 1:33:59]}
Ndb4 {[%clk 1:33:01]} 9.Qb3 {[%clk 1:34:26]} e6 {[%clk 1:33:24]}
10.O-O {[%clk 1:34:46]} Na5 {[%clk 1:33:39]} 11.Qa4+ {[%clk 1:35:11]}
Bd7 {[%clk 1:34:02]} 12.Bb5 {[%clk 1:35:37]} Bxb5 {[%clk 1:34:22]}
13.Qxb5+ {[%clk 1:36:03]} Nac6 {[%clk 1:34:47]} 14.Nc3 {[%clk 1:36:27]}
a6 {[%clk 1:35:09]} 15.Qc4 {[%clk 1:36:54]} Qd3 {[%clk 1:35:34]}
16.Qg4 {[%clk 1:37:19]} Qg6 {[%clk 1:35:56]} 17.Qxg6 {[%clk 1:37:45]}
hxg6 {[%clk 1:36:18]} 18.Rd1 {[%clk 1:38:12]} Be7 {[%clk 1:36:40]}
19.a3 {[%clk 1:38:36]} Nc2 {[%clk 1:37:05]} 20.Ra2 {[%clk 1:39:02]}
Rd8 {[%clk 1:37:18]} 21.Rxd8+ {[%clk 1:39:26]} Bxd8 {[%clk 1:37:44]}
22.b4 {[%clk 1:39:49]} N2d4 {[%clk 1:38:10]} 23.Nxd4 {[%clk 1:40:12]}
Nxd4 {[%clk 1:38:36]} 24.Ne4 {[%clk 1:40:38]} Be7 {[%clk 1:38:57]}
25.Rd2 {[%clk 1:41:05]} Nc6 {[%clk 1:35:56]} 26.f4 {[%clk 1:41:28]}
g5 {[%clk 1:32:59]} 27.Nxg5 {[%clk 1:41:34]} Bxg5 {[%clk 1:31:49]}
28.fxg5 {[%clk 1:41:59]} Rh4 {[%clk 1:29:26]} 29.Re2 {[%clk 1:31:00]}
Rc4 {[%clk 1:29:09]} 30.Bb2 {[%clk 1:31:22]} Rg4 {[%clk 1:28:00]}
31.h3 {[%clk 1:28:02]} Rxg5 {[%clk 1:26:05]} 32.g4 {[%clk 1:28:22]}
Ke7 {[%clk 1:00:12]} 33.Kg2 {[%clk 1:20:03]} f6 {[%clk 0:56:45]}
34.Kg3 {[%clk 1:02:41]} Nxe5 {[%clk 0:54:01]} 35.Rxe5 {[%clk 0:58:43]}
fxe5 {[%clk 0:51:00]} 36.h4 {[%clk 0:59:05]} Rg6 {[%clk 0:51:26]}
37.g5 {[%clk 0:59:31]} Kd6 {[%clk 0:50:58]} 38.Kg4 {[%clk 0:59:47]}
e4 {[%clk 0:51:06]} 39.Kh5 {[%clk 0:58:50]} 1-0

[Event "Russian Higher League 2021"]
[Site "?"]
[Date "2021.07.03"]
[Round "7.23"]
[White "Galaktionov, Artem"]
[Black "Dudin, Gleb"]
[Result "0-1"]
[WhiteElo "2318"]
[BlackElo "2439"]
[Annotator ""]
[Source ""]
[Remark ""]

1.d4 {[%clk 1:30:57]} d5 {[%clk 1:29:04]} 2.c4 {[%clk 1:31:17]}
c6 {[%clk 1:29:26]} 3.Nf3 {[%clk 1:31:43]} Nf6 {[%clk 1:29:46]}
4.Qb3 {[%clk 1:32:11]} dxc4 {[%clk 1:30:02]} 5.Qxc4 {[%clk 1:32:37]}
Bf5 {[%clk 1:30:23]} 6.g3 {[%clk 1:33:03]} e6 {[%clk 1:30:42]}
7.Bg2 {[%clk 1:33:30]} Be7 {[%clk 1:30:57]} 8.Nc3 {[%clk 1:33:57]}
O-O {[%clk 1:30:23]} 9.O-O {[%clk 1:31:15]} Nbd7 {[%clk 1:30:44]}
10.e3 {[%clk 1:26:00]} Bg6 {[%clk 1:26:27]} 11.Qe2 {[%clk 1:23:28]}
b5 {[%clk 1:25:19]} 12.Bd2 {[%clk 1:11:01]} Rc8 {[%clk 1:22:20]}
13.Rac1 {[%clk 1:08:09]} Qb6 {[%clk 1:14:54]} 14.Nh4 {[%clk 0:59:50]}
Bh5 {[%clk 1:08:59]} 15.Qd3 {[%clk 1:00:17]} Rfd8 {[%clk 1:07:04]}
16.h3 {[%clk 0:52:16]} b4 {[%clk 0:40:49]} 17.Ne4 {[%clk 0:42:18]}
Nxe4 {[%clk 0:34:15]} 18.Qxe4 {[%clk 0:41:43]} Be2 {[%clk 0:29:27]}
19.Rfe1 {[%clk 0:40:03]} Bb5 {[%clk 0:29:47]} 20.Red1 {[%clk 0:32:33]}
Be2 {[%clk 0:29:28]} 21.Re1 {[%clk 0:29:48]} Bb5 {[%clk 0:29:49]}
22.Red1 {[%clk 0:30:13]} a5 {[%clk 0:29:54]} 23.Rc2 {[%clk 0:21:35]}
Nf6 {[%clk 0:22:58]} 24.Qf4 {[%clk 0:22:04]} h6 {[%clk 0:20:59]}
25.Nf3 {[%clk 0:22:18]} Bd3 26.Rcc1 Nd5 {[%clk 0:20:40]} 27.Qe5
{[%clk 0:15:11]} Bf6 {[%clk 0:20:24]} 28.e4 {[%clk 0:15:24]}
Bxe5 {[%clk 0:20:11]} 29.Nxe5 {[%clk 0:15:52]} Qxd4 {[%clk 0:19:49]}
30.Nxd3 {[%clk 0:15:42]} Qxd3 {[%clk 0:19:55]} 31.exd5 {[%clk 0:16:11]}
cxd5 {[%clk 0:20:06]} 32.Rb1 {[%clk 0:16:46]} Qf5 {[%clk 0:19:58]}
33.a3 {[%clk 0:16:53]} bxa3 34.bxa3 {[%clk 0:17:22]} Rc2 {[%clk 0:19:48]}
35.Be1 {[%clk 0:17:13]} Rdc8 {[%clk 0:19:29]} 36.Bf1 Ra2 37.Rb3
{[%clk 0:16:21]} a4 {[%clk 0:18:35]} 38.Re3 {[%clk 0:16:56]}
Qc2 {[%clk 0:16:16]} 39.Rd4 {[%clk 0:44:01]} Ra1 {[%clk 0:45:35]}
40.Rb4 {[%clk 0:43:26]} Qc1 {[%clk 0:45:37]} 41.Rxa4 Qxe3 42.fxe3
{[%clk 0:43:50]} Rxe1 {[%clk 0:46:01]} 43.Kf2 {[%clk 0:44:03]}
Ra1 {[%clk 0:46:17]} 44.Bd3 {[%clk 0:44:29]} g6 {[%clk 0:46:37]}
45.Bb5 {[%clk 0:43:18]} Rc2+ {[%clk 0:43:38]} 46.Kf3 {[%clk 0:41:57]}
Rc3 {[%clk 0:42:55]} 47.Ra8+ {[%clk 0:41:02]} Kg7 {[%clk 0:43:23]}
48.a4 {[%clk 0:41:18]} d4 {[%clk 0:43:31]} 49.Rd8 {[%clk 0:37:47]}
Rxe3+ {[%clk 0:43:49]} 50.Kf2 {[%clk 0:38:13]} Ra2+ {[%clk 0:44:11]}
51.Kf1 {[%clk 0:38:42]} Rc3 {[%clk 0:44:15]} 0-1

[Event "Russian Higher League 2021"]
[Site "?"]
[Date "2021.07.03"]
[Round "7.24"]
[White "Borisov, Maxim S."]
[Black "Grigorjev, Iljya"]
[Result "0-1"]
[WhiteElo "2051"]
[BlackElo "2377"]
[Annotator ""]
[Source ""]
[Remark ""]

1.d4 {[%clk 1:30:57]} Nf6 {[%clk 1:30:55]} 2.c4 {[%clk 1:31:23]}
g6 {[%clk 1:31:20]} 3.Nc3 {[%clk 1:31:50]} d5 {[%clk 1:31:44]}
4.cxd5 {[%clk 1:32:13]} Nxd5 {[%clk 1:32:11]} 5.e4 {[%clk 1:32:36]}
Nxc3 {[%clk 1:32:37]} 6.bxc3 {[%clk 1:33:01]} Bg7 {[%clk 1:33:02]}
7.Bg5 {[%clk 1:33:26]} c5 {[%clk 1:33:15]} 8.Rc1 {[%clk 1:33:49]}
O-O {[%clk 1:33:11]} 9.d5 {[%clk 1:34:13]} Qd6 {[%clk 1:33:18]}
10.Be2 {[%clk 1:34:35]} e6 {[%clk 1:33:40]} 11.Nf3 {[%clk 1:34:56]}
exd5 {[%clk 1:34:04]} 12.exd5 {[%clk 1:35:23]} h6 {[%clk 1:34:27]}
13.Be3 {[%clk 1:35:45]} Bf5 {[%clk 1:34:51]} 14.O-O {[%clk 1:35:16]}
Nd7 {[%clk 1:35:15]} 15.c4 {[%clk 1:35:39]} Rae8 {[%clk 1:35:42]}
16.Qd2 {[%clk 1:35:22]} g5 {[%clk 1:36:03]} 17.Rfe1 {[%clk 1:24:03]}
Be4 {[%clk 1:33:39]} 18.Qa5 {[%clk 1:17:32]} f5 {[%clk 1:25:50]}
19.Nd2 {[%clk 0:57:48]} Bxg2 {[%clk 1:23:30]} 20.Kxg2 {[%clk 0:58:05]}
f4 {[%clk 1:23:55]} 21.Nf1 {[%clk 0:56:04]} fxe3 {[%clk 1:24:00]}
22.fxe3 {[%clk 0:56:17]} Be5 {[%clk 1:11:45]} 23.Qd2 {[%clk 0:52:54]}
Nf6 {[%clk 1:10:55]} 24.Qd3 {[%clk 0:52:38]} Kg7 {[%clk 1:11:17]}
25.Bd1 {[%clk 0:52:08]} Qd7 {[%clk 0:51:33]} 26.Bc2 {[%clk 0:42:20]}
Qf7 {[%clk 0:51:17]} 27.Ng3 {[%clk 0:41:03]} Bxg3 {[%clk 0:50:24]}
28.hxg3 {[%clk 0:41:21]} Ne4 {[%clk 0:50:43]} 29.Rf1 {[%clk 0:41:07]}
Qc7 {[%clk 0:51:08]} 30.Qxe4 {[%clk 0:41:08]} Rxe4 {[%clk 0:51:32]}
31.Bxe4 {[%clk 0:41:33]} Qe5 {[%clk 0:50:59]} 32.Bf3 {[%clk 0:40:33]}
Qb2+ {[%clk 0:51:18]} 0-1

[Event "Russian Higher League 2021"]
[Site "?"]
[Date "2021.07.03"]
[Round "7.25"]
[White "Rudovskii, Filipp"]
[Black "Ibadov, Dashgyn"]
[Result "0-1"]
[WhiteElo "2260"]
[BlackElo "2285"]
[Annotator ""]
[Source ""]
[Remark ""]

1.e4 {[%clk 1:26:48]} e5 {[%clk 1:30:55]} 2.Nf3 {[%clk 1:27:15]}
Nc6 {[%clk 1:31:22]} 3.d4 {[%clk 1:27:06]} exd4 {[%clk 1:31:47]}
4.Bc4 {[%clk 1:25:40]} Bc5 {[%clk 1:26:47]} 5.c3 {[%clk 1:23:11]}
Nf6 {[%clk 1:25:27]} 6.e5 {[%clk 1:23:12]} d5 {[%clk 1:24:34]}
7.Bb5 {[%clk 1:23:39]} Ne4 {[%clk 1:24:54]} 8.cxd4 {[%clk 1:24:05]}
Bb6 {[%clk 1:24:58]} 9.Nc3 {[%clk 1:16:49]} O-O {[%clk 1:25:00]}
10.Be3 {[%clk 1:16:52]} Ne7 {[%clk 1:21:52]} 11.h3 {[%clk 1:12:14]}
Nf5 {[%clk 1:16:36]} 12.O-O {[%clk 1:10:22]} c5 {[%clk 1:14:16]}
13.Rc1 {[%clk 1:08:11]} cxd4 {[%clk 1:05:51]} 14.Bxd4 {[%clk 1:07:01]}
Nxd4 {[%clk 1:04:58]} 15.Nxd4 {[%clk 1:07:28]} Qg5 {[%clk 0:55:46]}
16.f4 {[%clk 1:04:54]} Qh4 {[%clk 0:40:38]} 17.Rf3 {[%clk 0:43:23]}
Ng5 {[%clk 0:38:39]} 18.Rf2 {[%clk 0:41:32]} Nxh3+ {[%clk 0:20:18]}
19.gxh3 {[%clk 0:41:58]} Qg3+ {[%clk 0:20:44]} 20.Kf1 {[%clk 0:40:56]}
Bxh3+ {[%clk 0:20:58]} 21.Ke1 {[%clk 0:41:23]} Qg1+ {[%clk 0:19:40]}
22.Bf1 Bxf1 {[%clk 0:19:06]} 23.Rxf1 {[%clk 0:42:17]} Qxd4 {[%clk 0:19:17]}
24.Qxd4 {[%clk 0:42:45]} Bxd4 {[%clk 0:19:42]} 25.Nxd5 {[%clk 0:43:13]}
Bxb2 {[%clk 0:14:53]} 26.Rb1 {[%clk 0:43:15]} Ba3 {[%clk 0:15:06]}
27.Rxb7 {[%clk 0:42:22]} Rfd8 {[%clk 0:11:10]} 28.Ne3 {[%clk 0:42:38]}
Rab8 {[%clk 0:09:17]} 29.Rxb8 {[%clk 0:42:48]} Rxb8 {[%clk 0:09:47]}
30.Nc4 {[%clk 0:42:59]} Rb1+ {[%clk 0:10:02]} 31.Ke2 {[%clk 0:43:21]}
Rxf1 {[%clk 0:10:26]} 32.Kxf1 {[%clk 0:43:49]} Bc5 {[%clk 0:10:02]}
33.Ke2 {[%clk 0:44:09]} g6 {[%clk 0:09:51]} 34.Kf3 {[%clk 0:44:24]}
h5 {[%clk 0:10:07]} 35.Nd2 {[%clk 0:43:52]} Kf8 {[%clk 0:10:27]}
36.Ne4 {[%clk 0:44:06]} Bb6 {[%clk 0:10:49]} 37.Ng5 {[%clk 0:42:05]}
Ke7 {[%clk 0:09:59]} 38.Ke4 {[%clk 0:41:55]} f6 {[%clk 0:09:28]}
39.Nf3 {[%clk 0:41:31]} Ke6 {[%clk 0:04:05]} 40.Nh4 {[%clk 1:04:48]}
f5+ {[%clk 0:33:12]} 41.Kf3 {[%clk 1:04:03]} Bd8 {[%clk 0:28:51]}
42.Kg3 {[%clk 1:01:01]} g5 {[%clk 0:28:36]} 43.fxg5 {[%clk 1:00:40]}
Bxg5 {[%clk 0:24:34]} 44.Nf3 {[%clk 1:00:56]} f4+ {[%clk 0:21:35]}
45.Kf2 {[%clk 0:59:55]} Bd8 {[%clk 0:19:37]} 46.Kg2 {[%clk 1:00:05]}
Kd5 {[%clk 0:17:41]} 47.Kh3 {[%clk 1:00:19]} Ke4 {[%clk 0:17:38]}
48.Kg2 {[%clk 1:00:26]} Be7 {[%clk 0:15:44]} 49.Kf2 {[%clk 1:00:43]}
h4 {[%clk 0:15:28]} 50.Kg2 {[%clk 1:01:01]} h3+ {[%clk 0:14:55]}
51.Kf2 {[%clk 1:01:28]} Bc5+ {[%clk 0:15:11]} 52.Ke2 {[%clk 1:01:56]}
Kf5 {[%clk 0:14:00]} 53.e6 {[%clk 1:01:38]} Be7 {[%clk 0:12:35]}
54.Nd4+ {[%clk 1:00:18]} Ke5 {[%clk 0:12:47]} 55.Nc6+ {[%clk 1:00:42]}
Kxe6 {[%clk 0:13:12]} 56.Kf3 {[%clk 1:01:09]} Bc5 {[%clk 0:12:27]} 0-1

[Event "Russian Higher League 2021"]
[Site "?"]
[Date "2021.07.03"]
[Round "7.26"]
[White "Nurachev, Abdul"]
[Black "Tugarin, Anton"]
[Result "0-1"]
[WhiteElo "1773"]
[BlackElo "2247"]
[Annotator ""]
[Source ""]
[Remark ""]

1.e4 {[%clk 1:30:52]} c5 {[%clk 1:29:01]} 2.Nf3 {[%clk 1:29:53]}
Nc6 {[%clk 1:27:30]} 3.Bb5 {[%clk 1:29:47]} g6 {[%clk 1:27:35]}
4.Bxc6 {[%clk 1:30:05]} bxc6 {[%clk 1:27:09]} 5.O-O {[%clk 1:29:55]}
Bg7 {[%clk 1:27:15]} 6.e5 {[%clk 1:25:12]} f6 {[%clk 1:14:14]}
7.e6 {[%clk 1:22:17]} dxe6 {[%clk 1:14:09]} 8.d3 {[%clk 1:19:33]}
Rb8 {[%clk 1:04:45]} 9.Nbd2 {[%clk 1:11:47]} Nh6 {[%clk 0:49:58]}
10.b3 {[%clk 1:07:45]} Nf7 {[%clk 0:46:37]} 11.Ba3 {[%clk 0:59:44]}
Qd5 {[%clk 0:39:24]} 12.Nc4 {[%clk 0:35:59]} O-O {[%clk 0:37:45]}
13.Qd2 {[%clk 0:34:31]} Nd6 {[%clk 0:33:28]} 14.Qe3 {[%clk 0:26:18]}
Nb7 {[%clk 0:27:24]} 15.Rae1 {[%clk 0:25:27]} e5 {[%clk 0:22:57]}
16.Nfd2 {[%clk 0:20:18]} Re8 {[%clk 0:13:50]} 17.Ne4 {[%clk 0:19:15]}
Nd6 {[%clk 0:13:19]} 18.Qxc5 {[%clk 0:10:32]} Nxc4 {[%clk 0:11:34]}
19.bxc4 {[%clk 0:09:00]} Qxc5 {[%clk 0:10:55]} 20.Nxc5 {[%clk 0:09:26]}
Bf8 {[%clk 0:10:23]} 21.Rb1 {[%clk 0:09:00]} Rb6 {[%clk 0:10:48]}
22.Rb3 {[%clk 0:08:21]} Bf5 {[%clk 0:09:23]} 23.Rfb1 {[%clk 0:08:34]}
Reb8 {[%clk 0:09:43]} 24.f3 {[%clk 0:07:06]} h5 {[%clk 0:10:09]}
25.Na4 {[%clk 0:07:13]} Rxb3 {[%clk 0:10:13]} 26.Rxb3 {[%clk 0:07:25]}
Rxb3 {[%clk 0:10:36]} 27.axb3 {[%clk 0:07:51]} Kf7 {[%clk 0:10:41]}
28.Bc5 {[%clk 0:07:19]} a6 {[%clk 0:11:05]} 29.Kf2 {[%clk 0:07:12]}
g5 {[%clk 0:10:29]} 30.h3 {[%clk 0:05:52]} g4 {[%clk 0:09:14]}
31.hxg4 {[%clk 0:06:11]} hxg4 {[%clk 0:09:42]} 32.Nc3 {[%clk 0:06:19]}
Bc8 {[%clk 0:08:54]} 33.Na2 {[%clk 0:05:52]} gxf3 {[%clk 0:08:32]}
34.gxf3 {[%clk 0:05:53]} Ke6 {[%clk 0:08:38]} 35.Nb4 {[%clk 0:05:44]}
Kd7 {[%clk 0:08:37]} 36.c3 {[%clk 0:05:26]} Bg7 {[%clk 0:07:49]}
37.d4 {[%clk 0:05:06]} exd4 {[%clk 0:05:15]} 38.cxd4 {[%clk 0:05:24]}
e6 {[%clk 0:05:37]} 39.Nd3 {[%clk 0:04:08]} Kc7 {[%clk 0:05:14]}
40.Kg3 {[%clk 0:33:05]} a5 {[%clk 0:33:19]} 41.Kh4 {[%clk 0:27:24]}
Bd7 {[%clk 0:32:47]} 42.Nf4 {[%clk 0:10:28]} Bh6 {[%clk 0:30:34]}
43.Nh5 {[%clk 0:09:51]} Bg5+ {[%clk 0:28:31]} 44.Kg3 {[%clk 0:09:21]}
Be8 {[%clk 0:28:23]} 45.Ng7 {[%clk 0:06:15]} Bf7 {[%clk 0:28:30]}
46.f4 {[%clk 0:04:03]} Bh6 {[%clk 0:26:34]} 47.Bf8 {[%clk 0:04:32]}
Kd7 {[%clk 0:24:27]} 48.Kg4 {[%clk 0:04:14]} c5 {[%clk 0:13:42]}
49.dxc5 {[%clk 0:04:20]} Kc6 {[%clk 0:13:55]} 50.f5 {[%clk 0:04:04]}
e5 {[%clk 0:13:23]} 51.Ne6 {[%clk 0:01:16]} Bxf8 {[%clk 0:12:55]}
52.Nxf8 {[%clk 0:01:44]} Bxc4 {[%clk 0:13:14]} 53.Nh7 {[%clk 0:01:14]}
Bxb3 {[%clk 0:13:24]} 54.Nxf6 {[%clk 0:01:42]} Bc2 {[%clk 0:13:12]}
55.Kg5 {[%clk 0:00:38]} Kxc5 {[%clk 0:10:45]} 56.Nd7+ {[%clk 0:00:37]}
Kd4 {[%clk 0:11:04]} 57.f6 {[%clk 0:00:33]} Bb3 {[%clk 0:11:29]}
58.Kf5 {[%clk 0:00:33]} e4 {[%clk 0:11:25]} 59.Nc5 {[%clk 0:00:32]}
Kxc5 {[%clk 0:10:59]} 60.Kxe4 {[%clk 0:01:01]} Kb4 {[%clk 0:10:42]}
61.Kd3 {[%clk 0:01:20]} Ka3 {[%clk 0:11:01]} 62.Kc3 {[%clk 0:01:04]}
Ka2 {[%clk 0:11:21]} 63.Kd4 {[%clk 0:00:51]} Kb2 {[%clk 0:11:18]}
64.Kc5 {[%clk 0:01:11]} a4 {[%clk 0:11:47]} 65.Kd4 0-1

[Event "Russian Higher League 2021"]
[Site "?"]
[Date "2021.07.03"]
[Round "7.27"]
[White "Askerov, Marat"]
[Black "Gitelson, Arkady"]
[Result "1-0"]
[WhiteElo "2354"]
[BlackElo "2230"]
[Annotator ""]
[Source ""]
[Remark ""]

1.d4 {[%clk 1:30:57]} Nf6 {[%clk 1:30:56]} 2.c4 {[%clk 1:31:25]}
e6 {[%clk 1:31:22]} 3.Nf3 {[%clk 1:31:26]} c5 {[%clk 1:31:48]}
4.d5 {[%clk 1:31:51]} b5 {[%clk 1:32:15]} 5.dxe6 {[%clk 1:32:12]}
fxe6 {[%clk 1:32:42]} 6.cxb5 {[%clk 1:32:37]} d5 {[%clk 1:33:09]}
7.e3 {[%clk 1:32:31]} Bd6 {[%clk 1:33:30]} 8.Nbd2 {[%clk 1:32:47]}
Bb7 {[%clk 1:33:41]} 9.Qc2 {[%clk 1:32:31]} O-O {[%clk 1:33:13]}
10.Be2 {[%clk 1:32:56]} a6 {[%clk 1:30:23]} 11.O-O {[%clk 1:28:07]}
Qc7 {[%clk 1:13:50]} 12.b3 {[%clk 1:24:49]} axb5 {[%clk 1:09:42]}
13.Bxb5 {[%clk 1:25:09]} Nc6 {[%clk 1:10:02]} 14.Bb2 {[%clk 1:23:29]}
e5 {[%clk 1:01:44]} 15.Bxc6 {[%clk 1:17:03]} Bxc6 {[%clk 1:02:00]}
16.e4 {[%clk 1:17:29]} d4 {[%clk 0:55:32]} 17.Ne1 {[%clk 1:11:32]}
Qe7 {[%clk 0:45:02]} 18.f3 {[%clk 1:10:35]} Nh5 {[%clk 0:43:42]}
19.Nd3 {[%clk 1:10:03]} Rf6 {[%clk 0:41:24]} 20.Nc4 {[%clk 1:09:02]}
Bc7 {[%clk 0:39:22]} 21.Ba3 {[%clk 1:07:55]} Rg6 {[%clk 0:30:17]}
22.Bxc5 {[%clk 1:07:34]} Qe8 {[%clk 0:30:16]} 23.a4 {[%clk 1:06:35]}
Bd7 {[%clk 0:30:00]} 24.Rf2 {[%clk 1:05:24]} Rh6 {[%clk 0:26:40]}
25.Qd2 {[%clk 0:43:21]} Raa6 {[%clk 0:23:05]} 26.Nb4 {[%clk 0:35:53]}
Rag6 {[%clk 0:23:22]} 27.Nd5 {[%clk 0:36:01]} Bd8 {[%clk 0:23:39]}
28.f4 {[%clk 0:33:12]} exf4 {[%clk 0:13:17]} 29.Nxf4 {[%clk 0:31:56]}
Nxf4 {[%clk 0:13:15]} 30.Qxf4 {[%clk 0:31:56]} Bf6 {[%clk 0:13:41]}
31.e5 {[%clk 0:22:26]} Rh4 {[%clk 0:11:52]} 32.Qd2 {[%clk 0:22:03]}
Be7 {[%clk 0:11:39]} 33.Bxe7 {[%clk 0:16:57]} Qxe7 {[%clk 0:12:05]}
34.Raf1 {[%clk 0:17:21]} h6 {[%clk 0:10:33]} 35.Nd6 {[%clk 0:11:28]}
Rhg4 {[%clk 0:08:53]} 36.Qc2 {[%clk 0:05:10]} Kh7 {[%clk 0:04:04]}
37.Re1 {[%clk 0:04:42]} Be6 {[%clk 0:03:35]} 38.h3 {[%clk 0:04:13]}
Rg3 {[%clk 0:03:23]} 39.Nf5 {[%clk 0:04:24]} Qb4 {[%clk 0:02:51]}
40.Rd1 {[%clk 0:31:20]} Bxf5 {[%clk 0:30:44]} 41.Qxf5 {[%clk 0:31:06]}
Qxb3 {[%clk 0:29:46]} 42.Rxd4 {[%clk 0:29:34]} R3g5 {[%clk 0:22:00]}
43.Qe4 {[%clk 0:24:35]} Qxh3 {[%clk 0:18:05]} 44.Rd6 {[%clk 0:21:50]}
Qc3 {[%clk 0:10:18]} 45.Rxg6 {[%clk 0:20:51]} Qc1+ {[%clk 0:07:34]}
46.Kh2 {[%clk 0:19:41]} Rxg6 {[%clk 0:08:01]} 47.e6 {[%clk 0:18:45]}
Qc7+ {[%clk 0:07:50]} 48.Rf4 {[%clk 0:18:53]} Qe7 {[%clk 0:04:42]}
49.Rg4 {[%clk 0:18:56]} Qd6+ {[%clk 0:05:09]} 50.g3 1-0

[Event "Russian Higher League 2021"]
[Site "?"]
[Date "2021.07.04"]
[Round "8.1"]
[White "Rakhmanov, Aleksandr"]
[Black "Ponkratov, Pavel"]
[Result "1/2-1/2"]
[WhiteElo "2651"]
[BlackElo "2627"]
[Annotator ""]
[Source ""]
[Remark ""]

1.Nf3 {[%clk 1:30:54]} d5 {[%clk 1:30:18]} 2.g3 {[%clk 1:30:33]}
g6 {[%clk 1:29:42]} 3.Bg2 {[%clk 1:27:43]} Bg7 {[%clk 1:30:07]}
4.d4 {[%clk 1:27:48]} Nf6 {[%clk 1:30:33]} 5.O-O {[%clk 1:27:45]}
O-O {[%clk 1:30:58]} 6.c4 {[%clk 1:27:28]} c6 {[%clk 1:30:57]}
7.cxd5 {[%clk 1:26:14]} cxd5 {[%clk 1:31:23]} 8.Nc3 {[%clk 1:25:57]}
Ne4 {[%clk 1:31:42]} 9.Ne5 {[%clk 1:25:22]} Nxc3 {[%clk 1:31:59]}
10.bxc3 {[%clk 1:25:46]} Nc6 {[%clk 1:32:26]} 11.Nxc6 {[%clk 1:26:00]}
bxc6 {[%clk 1:32:52]} 12.Qa4 {[%clk 1:26:16]} Qb6 {[%clk 1:32:57]}
13.Ba3 {[%clk 1:26:13]} Qa6 {[%clk 1:33:23]} 14.Qxa6 {[%clk 1:26:21]}
Bxa6 {[%clk 1:33:48]} 15.Rfb1 {[%clk 1:25:47]} Bxe2 {[%clk 1:34:12]}
16.Bxe7 {[%clk 1:25:46]} Rfb8 {[%clk 1:34:38]} 17.Bd6 {[%clk 1:24:58]}
Rxb1+ {[%clk 1:27:44]} 18.Rxb1 {[%clk 1:25:23]} Bd3 {[%clk 1:28:02]}
19.Rb7 {[%clk 1:24:28]} Re8 {[%clk 1:28:19]} 20.h4 {[%clk 1:23:59]}
h5 {[%clk 1:28:09]} 21.Rxa7 {[%clk 1:23:25]} Re1+ {[%clk 1:28:33]}
22.Kh2 {[%clk 1:23:50]} Re2 {[%clk 1:29:00]} 23.Kg1 {[%clk 1:22:19]}
Re1+ {[%clk 1:29:25]} 24.Kh2 {[%clk 1:22:44]} Re2 {[%clk 1:29:52]}
25.Kg1 {[%clk 1:22:53]} Re1+ 1/2-1/2